| 000 | 00737nam a2200241Ia 4500 | ||
|---|---|---|---|
| 003 | OSt | ||
| 005 | 20220925214045.0 | ||
| 006 | a|||||r|||| 00| 0 | ||
| 007 | ta | ||
| 008 | 220923b |||||||| |||| 00| 0 eng d | ||
| 037 | _cGeneral Book | ||
| 040 |
_aRTL _cRTL _beng |
||
| 041 |
_2eng _aeng |
||
| 082 | _aY31:7:7.1(X).N8, M1 | ||
| 100 | _aDore Ronald | ||
| 245 | 0 |
_aCommunity development _b Comparative case studies in India, the republic of korea,Mexico and Tanzania |
|
| 260 |
_aLondon _bCroom Helm _c1981 |
||
| 300 |
_a446p _ccm. |
||
| 650 | _aCommunity Development | ||
| 700 | _a Mars Zoe Ed. | ||
| 942 |
_hY31:7:7.1(X).N8, M1 _cGB _2CC |
||
| 999 |
_c564318 _d564318 |
||